[Event "Oberliga Ost-A 2122"]
[Site "Germany"]
[Date "2022.05.07"]
[Round "9.6"]
[White "Hoffmann, Hendrik"]
[Black "Hutsch, Oliver"]
[Result "1-0"]
[WhiteElo "2219"]
[BlackElo "2142"]
[PlyCount "83"]
[EventDate "2021.10.10"]
[EventType "team-tourn"]
[EventRounds "11"]
[EventCountry "GER"]
[SourceTitle "EXT 2023"]
[Source "ChessBase"]
[SourceDate "2022.10.05"]
[SourceVersion "1"]
[SourceVersionDate "2022.10.05"]
[SourceQuality "1"]
[WhiteTeam "Leipzig SG"]
[BlackTeam "Dresden Gruen Weiss"]
[WhiteTeamCountry "GER"]
[BlackTeamCountry "GER"]

1. e4 c6 2. d4 d5 3. Nc3 dxe4 4. Nxe4 Bf5 5. Ng3 Bg6 6. h4 h6 7. Nh3 Nf6 8. Nf4 Bh7 9. Bc4 Nbd7 10. 0-0 Nb6 11. Bb3 Nbd5 12. Nxd5 cxd5 13. Ba4+ Nd7 14. Qh5 e6 15. Re1 Be7 16. Rxe6 g6 17. Qe5 0-0 18. Bxd7 fxe6 19. Bxe6+ Rf7 20. Bxh6 Bf6 21. Qxd5 Qxd5 22. Bxd5 Rd8 23. Bxf7+ Kxf7 24. c3 Bxh4 25. Ne4 Rd5 26. f4 Be7 27. Bg5 Bg8 28. Re1 Bd8 29. a3 b6 30. Kf2 Kg7 31. Bxd8 Rxd8 32. Ng5 Kf6 33. Re5 Bc4 34. g4 Bb3 35. Kg3 Bc4 36. Ne4+ Kf7 37. f5 Bd5 38. Kf4 Bc4 39. f6 Rd7 40. g5 Kf8 41. Nf2 Bb3 42. Ng4 1-0

[Event "Reinstorf Blitz op"]
[Site "Reinstorf"]
[Date "2022.02.04"]
[Round "4"]
[White "Chennaoui, Yasin"]
[Black "Hoffmann, Hendrik"]
[Result "1-0"]
[WhiteElo "2014"]
[BlackElo "2245"]
[PlyCount "92"]
[EventDate "2022.01.29"]
[EventType "swiss (blitz)"]
[EventRounds "9"]
[EventCountry "GER"]
[SourceTitle "CBM 206 Extra"]
[Source "ChessBase"]
[SourceDate "2022.03.31"]
[SourceVersion "1"]
[SourceVersionDate "2022.03.31"]
[SourceQuality "1"]

1. g3 d5 2. Nf3 Nf6 3. Bg2 c5 4. 0-0 Nc6 5. d3 e6 6. b3 Be7 7. Bb2 0-0 8. e3 d4 9. c4 e5 10. exd4 exd4 11. Re1 h6 12. Ne5 Nxe5 13. Rxe5 Qc7 14. Re1 Bf5 15. Na3 a6 16. Nc2 Rfe8 17. Qf3 Bg6 18. h3 Rab8 19. Re2 b5 20. Na3 b4 21. Nc2 Bf8 22. Rae1 a5 23. Bc1 Qb6 24. Bf4 Rbc8 25. Be5 Nh7 26. h4 f6 27. Bf4 Rxe2 28. Rxe2 Re8 29. Rxe8 Bxe8 30. Qd5+ Bf7 31. Qa8 f5 32. Bd5 Nf6 33. Bxf7+ Kxf7 34. Ne1 Qe6 35. Nf3 Qe2 36. Ne5+ Kg8 37. Ng6 Qe8 38. Qxe8 Nxe8 39. Nxf8 Kxf8 40. h5 Kf7 41. Kg2 Ke6 42. f3 Nd6 43. g4 fxg4 44. fxg4 Nf7 45. Kg3 Ne5 46. Bxe5 Kf7 1-0

[Event "Reinstorf Blitz op"]
[Site "Reinstorf"]
[Date "2022.02.04"]
[Round "7"]
[White "Hoffmann, Hendrik"]
[Black "Kardoeus, David"]
[Result "1/2-1/2"]
[WhiteElo "2245"]
[BlackElo "2058"]
[PlyCount "85"]
[EventDate "2022.01.29"]
[EventType "swiss (blitz)"]
[EventRounds "9"]
[EventCountry "GER"]
[SourceTitle "CBM 206 Extra"]
[Source "ChessBase"]
[SourceDate "2022.03.31"]
[SourceVersion "1"]
[SourceVersionDate "2022.03.31"]
[SourceQuality "1"]

1. e4 c5 2. Nf3 e6 3. c3 Nf6 4. e5 Nd5 5. d4 cxd4 6. cxd4 d6 7. Nc3 Nc6 8. exd6 Bxd6 9. Bd3 Nf6 10. 0-0 h6 11. Re1 0-0 12. h3 Nb4 13. Bb1 b6 14. a3 Nbd5 15. Ne5 Bb7 16. Be3 Rc8 17. Qd2 Nxc3 18. bxc3 Bxe5 19. dxe5 Qxd2 20. Bxd2 Nd5 21. Be4 Bc6 22. Bxd5 Bxd5 23. a4 Rc4 24. a5 h5 25. axb6 axb6 26. Reb1 Rd8 27. Be3 Rxc3 28. Rxb6 Rd7 29. Rd6 Rb7 30. Kh2 Kh7 31. Ra7 Rxa7 32. Bxa7 g5 33. Be3 Kg6 34. Rd8 Kf5 35. Rg8 g4 36. hxg4+ hxg4 37. Rg5+ Ke4 38. Rxg4+ Kd3 39. Rf4 Rc7 40. g4 Be4 41. Kg3 Bg6 42. Ra4 Rc4 43. Rxc4 1/2-1/2

[Event "Reinstorf op"]
[Site "Reinstorf"]
[Date "2022.01.30"]
[Round "2"]
[White "Poschadel, Andreas Gregor"]
[Black "Hoffmann, Hendrik"]
[Result "0-1"]
[WhiteElo "1981"]
[BlackElo "2245"]
[PlyCount "132"]
[EventDate "2022.01.29"]
[EventType "swiss"]
[EventRounds "9"]
[EventCountry "GER"]
[SourceTitle "CBM 206 Extra"]
[Source "ChessBase"]
[SourceDate "2022.03.31"]
[SourceVersion "1"]
[SourceVersionDate "2022.03.31"]
[SourceQuality "1"]

1. e4 e5 2. Nf3 Nf6 3. Nxe5 d6 4. Nf3 Nxe4 5. d4 d5 6. Bd3 Nd6 7. 0-0 Be7 8. Ne5 0-0 9. Nc3 c6 10. Be3 Bf5 11. Ne2 Nd7 12. Ng3 Bxd3 13. Qxd3 f6 14. Nxd7 Qxd7 15. Bf4 f5 16. f3 g6 17. b3 Bf6 18. Be5 Bxe5 19. dxe5 f4 20. Ne2 Nf7 21. e6 Qxe6 22. Nxf4 Qf6 23. Qd2 Rae8 24. Rad1 Nd6 25. Nd3 Nf5 26. Rfe1 Qd4+ 27. Qf2 Re3 28. Rxe3 Nxe3 29. c3 Qb6 30. Re1 Re8 31. Kh1 Re7 32. Qg3 Qd8 33. Qg5 Nf5 34. Ne5 Qe8 35. f4 Nd6 36. Re3 Nf7 37. Nxf7 Rxe3 38. Nh6+ Kg7 39. Nf5+ Kf7 40. Nxe3 Qxe3 41. h3 Qxc3 42. Qh4 h5 43. Qg5 Qf6 44. Qh6 d4 45. f5 Qxf5 46. Qh7+ Ke6 47. Qxb7 Qf1+ 48. Kh2 Qf4+ 49. Kh1 Qc1+ 50. Kh2 Qc5 51. Qc8+ Kf6 52. g3 Qc2+ 53. Kh1 Qb1+ 54. Kh2 Qxa2+ 55. Kh1 Qb1+ 56. Kh2 Qc2+ 57. Kh1 Qe4+ 58. Kh2 Qd5 59. Qf8+ Ke5 60. Qe7+ Kf5 61. Qxa7 Ke4 62. Qg7 Qd6 63. Qh8 Kf3 64. Kh1 Kxg3 65. Qg8 Qf6 66. Qb8+ Qf4 0-1

[Event "Reinstorf op"]
[Site "Reinstorf"]
[Date "2022.01.29"]
[Round "1"]
[White "Hoffmann, Hendrik"]
[Black "Bonatis, Reiner"]
[Result "1-0"]
[WhiteElo "2245"]
[BlackElo "1713"]
[PlyCount "77"]
[EventDate "2022.01.29"]
[EventType "swiss"]
[EventRounds "9"]
[EventCountry "GER"]
[SourceTitle "CBM 206 Extra"]
[Source "ChessBase"]
[SourceDate "2022.03.31"]
[SourceVersion "1"]
[SourceVersionDate "2022.03.31"]
[SourceQuality "1"]

1. e4 c5 2. Nf3 d6 3. d4 cxd4 4. Nxd4 a6 5. c4 Nf6 6. Nc3 g6 7. Be2 Bg7 8. 0-0 0-0 9. Be3 Nc6 10. Nc2 Bd7 11. f3 Rc8 12. Qd2 Ne5 13. Na3 Re8 14. b4 Be6 15. Nd5 Nxd5 16. cxd5 Bd7 17. Rac1 b5 18. h3 Rxc1 19. Rxc1 f5 20. Nc2 Qb8 21. exf5 Bxf5 22. Nd4 Bd7 23. f4 Nf7 24. Nc6 Qb7 25. Bf3 Nd8 26. Qf2 Bf6 27. Na5 Qa8 28. Rc7 Bc8 29. Ra7 Qb8 30. Nc6 Nxc6 31. dxc6 Be6 32. c7 Qc8 33. Bb6 d5 34. Qc5 Qd7 35. Rb7 Qd6 36. Qxd6 exd6 37. Rb8 Rc8 38. Bxd5 Re8 39. Bf3 1-0

[Event "GER-ch Net blitz sf"]
[Site "Playchess.com INT"]
[Date "2021.06.05"]
[Round "4"]
[White "Hoffmann, Hendrik"]
[Black "Frohnhaeuser, Simon"]
[Result "1-0"]
[WhiteElo "2137"]
[BlackElo "1965"]
[PlyCount "55"]
[EventDate "2021.06.05"]
[EventType "swiss (blitz)"]
[EventRounds "13"]
[EventCountry "GER"]
[SourceTitle "EXT 2023"]
[Source "ChessBase"]
[SourceDate "2022.10.05"]
[SourceVersion "1"]
[SourceVersionDate "2022.10.05"]
[SourceQuality "1"]

1. e4 d6 2. d4 Nf6 3. Nc3 Nbd7 4. Nf3 e5 5. Bc4 Be7 6. Bxf7+ Kxf7 7. Ng5+ Kg8 8. Ne6 Qe8 9. Nxc7 Qg6 10. Nxa8 Qxg2 11. Rf1 exd4 12. Qxd4 Ne5 13. f4 Nf3+ 14. Rxf3 Qxf3 15. Qc4+ Kf8 16. Qxc8+ Ne8 17. Qf5+ Nf6 18. Nc7 g6 19. Qc8+ Kg7 20. Qe6 Qh1+ 21. Ke2 Qg2+ 22. Kd3 Qf1+ 23. Kd4 Bf8 24. f5 Ng4 25. Bh6+ Kxh6 26. Rxf1 Bg7+ 27. Kc4 Ne5+ 28. Kb3 1-0

[Event "GER-ch Net blitz sf"]
[Site "Playchess.com INT"]
[Date "2021.06.05"]
[Round "3"]
[White "Hoffmann, Hendrik"]
[Black "Fromm, Marius"]
[Result "0-1"]
[WhiteElo "2137"]
[BlackElo "1625"]
[PlyCount "58"]
[EventDate "2021.06.05"]
[EventType "swiss (blitz)"]
[EventRounds "13"]
[EventCountry "GER"]
[SourceTitle "EXT 2023"]
[Source "ChessBase"]
[SourceDate "2022.10.05"]
[SourceVersion "1"]
[SourceVersionDate "2022.10.05"]
[SourceQuality "1"]

1. e4 c5 2. Nf3 d6 3. d4 cxd4 4. Nxd4 Nf6 5. Nc3 a6 6. Bg5 e6 7. f4 Be7 8. Qf3 Qc7 9. 0-0-0 Nbd7 10. g4 b5 11. Bxf6 Nxf6 12. g5 Nd7 13. f5 0-0 14. h4 b4 15. Nce2 Bb7 16. Ng3 Rac8 17. Bd3 Ne5 18. Qe2 d5 19. g6 Nxd3+ 20. Rxd3 dxe4 21. Nxe4 Qf4+ 22. Re3 Bxe4 23. gxf7+ Rxf7 24. Rf1 Qh6 25. Kb1 exf5 26. Nxf5 Bxf5 27. Rxe7 Bxc2+ 28. Ka1 Rxf1+ 29. Qxf1 Bg6 0-1

[Event "GER-ch Net blitz sf"]
[Site "Playchess.com INT"]
[Date "2021.06.05"]
[Round "13"]
[White "Mueller, Sebastian1111"]
[Black "Hoffmann, Hendrik"]
[Result "0-1"]
[WhiteElo "1941"]
[BlackElo "2137"]
[PlyCount "116"]
[EventDate "2021.06.05"]
[EventType "swiss (blitz)"]
[EventRounds "13"]
[EventCountry "GER"]
[SourceTitle "EXT 2023"]
[Source "ChessBase"]
[SourceDate "2022.10.05"]
[SourceVersion "1"]
[SourceVersionDate "2022.10.05"]
[SourceQuality "1"]

1. d4 Nf6 2. c4 d6 3. Nc3 g6 4. e4 Bg7 5. Nge2 0-0 6. Ng3 e5 7. d5 c6 8. h4 h5 9. Bg5 Qe8 10. Qd2 Nh7 11. Bh6 Bxh6 12. Qxh6 Na6 13. Be2 f6 14. 0-0 Qe7 15. Qxg6+ Qg7 16. Qxg7+ Kxg7 17. Nxh5+ Kf7 18. f3 Rg8 19. g4 f5 20. exf5 Bxf5 21. Kh2 Bd7 22. Ne4 Ke7 23. Rad1 c5 24. a3 Raf8 25. b4 cxb4 26. axb4 Nxb4 27. Rb1 a5 28. c5 dxc5 29. Nxc5 b6 30. Nxd7 Kxd7 31. Bc4 Rc8 32. Bb3 Rgf8 33. Ng3 Rc3 34. Nf5 Nf6 35. d6 e4 36. Ba4+ Kd8 37. fxe4 Nxg4+ 38. Kh1 Rg8 39. Nd4 Ne5 40. Rf3 Nxf3 41. Ne6+ Kc8 42. d7+ Kb7 43. d8Q Rxd8 44. Nxd8+ Kc8 45. Ne6 Nxh4 46. Kh2 Nf3+ 47. Kg2 Nd2 48. Rh1 Nxe4 49. Rh8+ Kb7 50. Nd8+ Kc7 51. Ne6+ Kd6 52. Nd4 Kd5 53. Nf5 Ra3 54. Bb5 Ke5 55. Nh4 Rg3+ 56. Kf1 Nc2 57. Ng6+ Rxg6 58. Rg8 Rxg8 0-1

[Event "GER-ch Net blitz qual1"]
[Site "Playchess.com INT"]
[Date "2021.04.24"]
[Round "8"]
[White "Kolb, Tobias"]
[Black "Hoffmann, Hendrik"]
[Result "0-1"]
[WhiteElo "1892"]
[BlackElo "2115"]
[PlyCount "32"]
[EventDate "2021.04.24"]
[EventType "swiss (blitz)"]
[EventRounds "11"]
[EventCountry "GER"]
[SourceTitle "CBM 202 Extra"]
[Source "ChessBase"]
[SourceDate "2021.07.31"]
[SourceVersion "1"]
[SourceVersionDate "2021.07.31"]
[SourceQuality "1"]

1. d4 d5 2. c4 dxc4 3. e3 e5 4. Bxc4 exd4 5. exd4 Nf6 6. Nc3 Be7 7. Nf3 0-0 8. h3 a6 9. a4 b6 10. 0-0 Bb7 11. Bf4 Nc6 12. Re1 h6 13. Ba2 Nb4 14. Bb3 Nbd5 15. Bg3 Nxc3 16. bxc3 Ne4 0-1

[Event "GER-ch Net blitz qual1"]
[Site "Playchess.com INT"]
[Date "2021.04.24"]
[Round "5"]
[White "Marcziter, Dmitrii"]
[Black "Hoffmann, Hendrik"]
[Result "1-0"]
[WhiteElo "2108"]
[BlackElo "2115"]
[PlyCount "95"]
[EventDate "2021.04.24"]
[EventType "swiss (blitz)"]
[EventRounds "11"]
[EventCountry "GER"]
[SourceTitle "CBM 202 Extra"]
[Source "ChessBase"]
[SourceDate "2021.07.31"]
[SourceVersion "1"]
[SourceVersionDate "2021.07.31"]
[SourceQuality "1"]

1. d4 d5 2. c4 dxc4 3. e4 e5 4. Nf3 exd4 5. Bxc4 Nc6 6. 0-0 Bc5 7. a3 a5 8. Bg5 Be7 9. Bf4 Nf6 10. Nbd2 0-0 11. h3 Be6 12. Bxe6 fxe6 13. Qb3 Qc8 14. Ng5 Nd8 15. Rac1 c6 16. Be5 h6 17. Ngf3 Nf7 18. Bxd4 Nh5 19. Be3 Kh7 20. Nc4 Qc7 21. Nb6 Rad8 22. Qxe6 Bf6 23. Qf5+ g6 24. Qxa5 Bxb2 25. Rb1 Bg7 26. Rfd1 Ne5 27. Nd4 Qf7 28. Qe1 Rde8 29. Qd2 Qe7 30. a4 Rd8 31. Qc2 Rfe8 32. f4 Nf7 33. e5 Qh4 34. Qf2 Qxf2+ 35. Kxf2 g5 36. g3 gxf4 37. gxf4 Bf8 38. Nf5 Ng7 39. Nxg7 Kxg7 40. Nd7 Ba3 41. Nf6 Rf8 42. Rxd8 Rxd8 43. Rxb7 Kg6 44. Kf3 Rd3 45. Ke4 Rc3 46. f5+ Kg7 47. e6 Kxf6 48. Rxf7# 1-0

[Event "EU-Cup Online Gr-D"]
[Site "Tornelo INT"]
[Date "2021.03.28"]
[Round "5.3"]
[White "Dauletova, Gulmira"]
[Black "Hoffmann, Hendrik"]
[Result "1-0"]
[WhiteElo "2285"]
[BlackElo "2242"]
[PlyCount "35"]
[EventDate "2021.03.27"]
[EventType "team-tourn (rapid)"]
[EventRounds "9"]
[EventCountry "NET"]
[SourceTitle "CBM 201 Extra"]
[Source "ChessBase"]
[SourceDate "2021.05.31"]
[SourceVersion "1"]
[SourceVersionDate "2021.05.31"]
[SourceQuality "1"]
[WhiteTeam "Tremblay en France Girls"]
[BlackTeam "Celtic Tigers"]
[WhiteTeamCountry "FRA"]
[BlackTeamCountry "ENG"]

1. e4 d6 2. d4 Nf6 3. Nc3 g6 4. Be3 Bg7 5. Qd2 0-0 6. 0-0-0 c6 7. Bh6 b5 8. f3 b4 9. Nce2 a5 10. Kb1 Ba6 11. h4 Qc7 12. h5 e5 13. Ng3 Bxf1 14. Rxf1 Ne8 15. Bxg7 Kxg7 16. f4 Ra7 17. fxe5 dxe5 18. hxg6 1-0

[Event "EU-Cup Online Gr-D"]
[Site "Tornelo INT"]
[Date "2021.03.28"]
[Round "8.3"]
[White "Jones, Gawain C B"]
[Black "Hoffmann, Hendrik"]
[Result "1-0"]
[WhiteElo "2670"]
[BlackElo "2242"]
[PlyCount "153"]
[EventDate "2021.03.27"]
[EventType "team-tourn (rapid)"]
[EventRounds "9"]
[EventCountry "NET"]
[SourceTitle "CBM 201 Extra"]
[Source "ChessBase"]
[SourceDate "2021.05.31"]
[SourceVersion "1"]
[SourceVersionDate "2021.05.31"]
[SourceQuality "1"]
[WhiteTeam "Guildford"]
[BlackTeam "Celtic Tigers"]
[WhiteTeamCountry "ENG"]
[BlackTeamCountry "ENG"]

1. e4 d6 2. d4 Nf6 3. Nc3 c6 4. f4 Qa5 5. Bd3 e5 6. Nf3 Bg4 7. dxe5 dxe5 8. h3 Bxf3 9. Qxf3 exf4 10. Bxf4 Nbd7 11. 0-0-0 Ne5 12. Bxe5 Qxe5 13. Kb1 Bb4 14. Ne2 0-0 15. g4 a5 16. h4 Nd7 17. c3 Bc5 18. Bc2 Qe7 19. e5 Nxe5 20. Qe4 Ng6 21. Qg2 Rad8 22. Ng3 Rxd1+ 23. Rxd1 Rd8 24. Rxd8+ Qxd8 25. h5 Qe7 26. Qd2 Nf8 27. Nf5 Qe5 28. a3 g6 29. Nd4 Bxd4 30. cxd4 Qd6 31. Qxa5 Qxd4 32. Qc7 Qd7 33. Qb8 h6 34. hxg6 fxg6 35. Bb3+ Kg7 36. Qe5+ Kh7 37. a4 Qg7 38. Qd6 Nd7 39. g5 hxg5 40. Qh2+ Qh6 41. Qc7 Qg7 42. Qxb7 Nc5 43. Qb4 Qe5 44. Bc2 Kh6 45. a5 Na6 46. Qf8+ Kh5 47. Qf3+ g4 48. Qh1+ Kg5 49. Qc1+ Qf4 50. Qe1 Nb4 51. Qe7+ Kh5 52. Qh7+ Kg5 53. Qxg6+ Kh4 54. Qh7+ Kg3 55. Bd1 Qe5 56. a6 Qa5 57. a7 Qa2+ 58. Kc1 Qa1+ 59. Kd2 Qxb2+ 60. Bc2 Qd4+ 61. Bd3 Qb2+ 62. Bc2 Qd4+ 63. Ke2 Qf2+ 64. Kd1 Qd4+ 65. Bd3 Qa1+ 66. Ke2 Qb2+ 67. Bc2 Nxc2 68. Qd3+ Kh4 69. a8Q Nb4+ 70. Qd2 Qe5+ 71. Kd1 Nd5 72. Qa3 Nf4 73. Qac3 Qe8 74. Qf6+ Kg3 75. Qdxf4+ Kg2 76. Qf2+ Kh1 77. Q6h4# 1-0

[Event "EU-Cup Online Gr-D"]
[Site "Tornelo INT"]
[Date "2021.03.28"]
[Round "6.3"]
[White "Ozkan, Ervin"]
[Black "Hoffmann, Hendrik"]
[Result "1/2-1/2"]
[WhiteElo "2147"]
[BlackElo "2242"]
[PlyCount "184"]
[EventDate "2021.03.27"]
[EventType "team-tourn (rapid)"]
[EventRounds "9"]
[EventCountry "NET"]
[SourceTitle "CBM 201 Extra"]
[Source "ChessBase"]
[SourceDate "2021.05.31"]
[SourceVersion "1"]
[SourceVersionDate "2021.05.31"]
[SourceQuality "1"]
[WhiteTeam "Bursa Buyuksehir"]
[BlackTeam "Celtic Tigers"]
[WhiteTeamCountry "TUR"]
[BlackTeamCountry "ENG"]

1. d4 d5 2. Nf3 Nf6 3. Bf4 c5 4. e3 Nc6 5. c3 Qb6 6. Qc2 Bf5 7. dxc5 Bxc2 8. cxb6 axb6 9. Na3 Bg6 10. Nb5 Kd7 11. Ne5+ Nxe5 12. Bxe5 e6 13. Be2 Be7 14. f3 Rhc8 15. 0-0 Ne8 16. Rfd1 f6 17. Bg3 Bc5 18. Kf2 Ke7 19. Rd2 Nd6 20. Nxd6 Bxd6 21. Bxd6+ Kxd6 22. e4 Ra5 23. exd5 Rxd5 24. Rxd5+ exd5 25. Rd1 Ke5 26. Rd4 Ra8 27. f4+ Ke6 28. Bf3 Be4 29. Bxe4 dxe4 30. Rxe4+ Kf5 31. Rb4 Rxa2 32. Rxb6 Kxf4 33. Rxb7 g5 34. g3+ Ke4 35. Rb4+ Ke5 36. g4 Ra1 37. Rb5+ Ke4 38. h3 Rd1 39. Rb4+ Ke5 40. Rd4 Rh1 41. Kg2 Rb1 42. Rd2 Kf4 43. Rf2+ Ke4 44. Re2+ Kf4 45. Rc2 Ke5 46. c4 Kd6 47. c5+ Kc6 48. Kf3 Rh1 49. Kg3 Rg1+ 50. Kf2 Rh1 51. Kg2 Rb1 52. Kh2 Rd1 53. b4 Rd4 54. b5+ Kxb5 55. c6 Rd8 56. c7 Rc8 57. Kg3 Kb6 58. Rf2 Kxc7 59. Rxf6 Kd7 60. Rf7+ Ke6 61. Rxh7 Rc3+ 62. Kg2 Kf6 63. Rh8 Kg7 64. Re8 Kf7 65. Re5 Kf6 66. Rf5+ Kg6 67. Rf3 Rc2+ 68. Kg3 Rc1 69. Ra3 Rf1 70. Ra6+ Kg7 71. Kg2 Rf4 72. Rc6 Kh7 73. Kg3 Rf1 74. Rc5 Kg6 75. Rc6+ Kg7 76. Rc2 Ra1 77. Rc3 Rf1 78. Rf3 Ra1 79. Rf2 Ra3+ 80. Kg2 Rb3 81. Rf5 Kg6 82. Rf3 Rb2+ 83. Kg3 Ra2 84. h4 gxh4+ 85. Kxh4 Ra1 86. Rb3 Rh1+ 87. Kg3 Rg1+ 88. Kf4 Rf1+ 89. Kg3 Rg1+ 90. Kf3 Rf1+ 91. Kg2 Ra1 92. Kg3 Rg1+ 1/2-1/2

[Event "EU-Cup Online Gr-D"]
[Site "Tornelo INT"]
[Date "2021.03.27"]
[Round "2.3"]
[White "Hoffmann, Hendrik"]
[Black "Petkidis, Anthony"]
[Result "1/2-1/2"]
[WhiteElo "2242"]
[BlackElo "2401"]
[PlyCount "73"]
[EventDate "2021.03.27"]
[EventType "team-tourn (rapid)"]
[EventRounds "9"]
[EventCountry "NET"]
[SourceTitle "CBM 201 Extra"]
[Source "ChessBase"]
[SourceDate "2021.05.31"]
[SourceVersion "1"]
[SourceVersionDate "2021.05.31"]
[SourceQuality "1"]
[WhiteTeam "Celtic Tigers"]
[BlackTeam "Zuerich SG"]
[WhiteTeamCountry "ENG"]
[BlackTeamCountry "SUI"]

1. e4 e5 2. Nf3 Nc6 3. Nc3 Nf6 4. d4 exd4 5. Nxd4 Bb4 6. Nxc6 bxc6 7. Bd3 0-0 8. 0-0 d5 9. exd5 cxd5 10. h3 Re8 11. Qf3 c6 12. Bf4 a5 13. Rad1 a4 14. Ne2 a3 15. b3 Bc5 16. c4 Be6 17. Bg5 h6 18. Bxf6 Qxf6 19. Qxf6 gxf6 20. Nf4 dxc4 21. Nxe6 fxe6 22. Bxc4 Kf7 23. Rd7+ Re7 24. Rfd1 Rae8 25. Kf1 f5 26. Ke2 Kf6 27. Rxe7 Kxe7 28. Rc1 Bd4 29. Bd3 c5 30. g4 Kf6 31. Kf3 fxg4+ 32. hxg4 Kg5 33. Kg3 Be5+ 34. Kg2 Bd4 35. Kg3 Be5+ 36. Kg2 Bd4 37. Kg3 1/2-1/2

[Event "EU-Cup Online Gr-D"]
[Site "Tornelo INT"]
[Date "2021.03.27"]
[Round "4.3"]
[White "Hoffmann, Hendrik"]
[Black "Vymazal, Bronislav"]
[Result "0-1"]
[WhiteElo "2242"]
[BlackElo "2350"]
[PlyCount "60"]
[EventDate "2021.03.27"]
[EventType "team-tourn (rapid)"]
[EventRounds "9"]
[EventCountry "NET"]
[SourceTitle "CBM 201 Extra"]
[Source "ChessBase"]
[SourceDate "2021.05.31"]
[SourceVersion "1"]
[SourceVersionDate "2021.05.31"]
[SourceQuality "1"]
[WhiteTeam "Celtic Tigers"]
[BlackTeam "Brno Moravska Slavia II"]
[WhiteTeamCountry "ENG"]
[BlackTeamCountry "CZE"]

1. e4 c5 2. c3 d5 3. exd5 Qxd5 4. d4 g6 5. Nf3 Bg7 6. Be3 cxd4 7. cxd4 Nf6 8. Nc3 Qa5 9. h3 0-0 10. Bc4 Ne4 11. Qb3 Nd7 12. 0-0 Nxc3 13. Qxc3 Qh5 14. Be2 Nb6 15. Rad1 Be6 16. Rfe1 Qd5 17. b3 Rac8 18. Qd2 Rfd8 19. Bh6 Bf6 20. Bg5 Bf5 21. Bxf6 exf6 22. Qf4 Kg7 23. g4 Be6 24. h4 Qd6 25. Qe4 Nd5 26. Rc1 Nc3 27. Rxc3 Rxc3 28. g5 Bd5 29. Qg4 f5 30. Qh3 Re8 0-1

[Event "GER-chT Online Liga 1 GpB"]
[Site "Playchess.com INT"]
[Date "2021.02.05"]
[Round "2.2"]
[White "Hoffmann, Hendrik"]
[Black "Loef, Dirk"]
[Result "1-0"]
[WhiteElo "2242"]
[BlackElo "2116"]
[PlyCount "41"]
[EventDate "2021.01.18"]
[EventType "team-tourn (rapid)"]
[EventRounds "7"]
[EventCountry "GER"]
[SourceTitle "EXT 2022"]
[Source "ChessBase"]
[SourceDate "2021.10.06"]
[SourceVersion "1"]
[SourceVersionDate "2021.10.06"]
[SourceQuality "1"]
[WhiteTeam "Leipzig SG"]
[BlackTeam "Heidesheim"]
[WhiteTeamCountry "GER"]
[BlackTeamCountry "GER"]

1. e4 d6 2. d4 Nf6 3. Nc3 g6 4. Nf3 Bg7 5. h3 0-0 6. Be2 c5 7. dxc5 Qa5 8. 0-0 Qxc5 9. Be3 Qc7 10. Re1 a6 11. Qd2 Re8 12. Bd4 Nc6 13. Nd5 Qb8 14. Bxf6 exf6 15. Bc4 b5 16. Bb3 f5 17. exf5 Rxe1+ 18. Rxe1 Bxf5 19. Ne7+ Nxe7 20. Rxe7 Ra7 21. Bxf7+ 1-0

[Event "EU-ch Online U2300 Qual"]
[Site "Chess.com INT"]
[Date "2020.05.25"]
[Round "6"]
[White "Bianchi, Guillaume"]
[Black "Hoffmann, Hendrik"]
[Result "0-1"]
[WhiteElo "2173"]
[BlackElo "2250"]
[PlyCount "56"]
[EventDate "2020.05.25"]
[EventType "swiss"]
[EventRounds "8"]
[EventCountry "NET"]
[SourceTitle "EXT 2021"]
[Source "ChessBase"]
[SourceDate "2020.10.23"]
[SourceVersion "1"]
[SourceVersionDate "2020.10.23"]
[SourceQuality "1"]

1. d4 d5 2. c4 dxc4 3. e4 e5 4. Nf3 exd4 5. Bxc4 Nc6 6. 0-0 Be6 7. Bxe6 fxe6 8. Qa4 Qd7 9. Qb3 Nf6 10. e5 Nd5 11. Nbd2 Be7 12. Ne4 0-0 13. Bd2 Rf5 14. Ng3 Rxf3 15. Qxf3 Nxe5 16. Qe4 Bf6 17. Nh5 Qf7 18. Nxf6+ Qxf6 19. f4 Nc4 20. Bc1 c5 21. f5 Nce3 22. Bxe3 Nxe3 23. Qxb7 Rf8 24. Rf2 exf5 25. Qxa7 Qe5 26. Rc1 Ng4 27. Qxc5 Qxh2+ 28. Kf1 Re8 0-1

[Event "EU-ch Online U2300 Qual"]
[Site "Chess.com INT"]
[Date "2020.05.25"]
[Round "4"]
[White "Hakobyan, Hakob V"]
[Black "Hoffmann, Hendrik"]
[Result "1-0"]
[WhiteElo "2070"]
[BlackElo "2250"]
[PlyCount "39"]
[EventDate "2020.05.25"]
[EventType "swiss"]
[EventRounds "8"]
[EventCountry "NET"]
[SourceTitle "EXT 2021"]
[Source "ChessBase"]
[SourceDate "2020.10.23"]
[SourceVersion "1"]
[SourceVersionDate "2020.10.23"]
[SourceQuality "1"]

1. Nf3 d5 2. g3 Nf6 3. Bg2 c5 4. 0-0 Nc6 5. d4 e6 6. c4 Be7 7. cxd5 exd5 8. Nc3 0-0 9. dxc5 d4 10. Na4 Bg4 11. h3 Bh5 12. a3 Ne4 13. b4 b5 14. cxb6 axb6 15. Bb2 b5 16. Nc5 Nxc5 17. bxc5 Bxc5 18. Qc2 d3 19. Qxc5 dxe2 20. Rfe1 1-0